• 首页
  • 本馆介绍
  • 公告通知
  • 最新文献
  • 馆藏检索
  • 电子资源
  • 读者导购
  • 参考咨询
  • 我的图书馆
  • 登录
  • 详细信息显示
  • 放入我的书架
  • 预约/预借图书
  • 作者相关作品
  • 分类相关作品
  • 丛书相关作品
  • 出版社相关作品

书目信息

  • 表格格式
  • 工作单格式
  • 卡片格式
题名:
言语康复与沟通训练
    
 
作者: 王曙光 主编
分册:   我爱我家
出版信息: 重庆   西南师范大学出版社  2017.09
页数: 121页
开本: 25cm
丛书名:
单 册:
中图分类: G762.2
科图分类:
主题词: 语言障碍--儿童--教育康复
电子资源:
ISBN: 978-7-5621-9015-8
000 00780nam0 2200241 450
001 0108153917
005 20210308154404.0
010    @a978-7-5621-9015-8@dCNY45.00
100    @a20210307e20192017em y0chiy50 ea
101 0  @achi
102    @aCN@b500000
105    @aa z 000yy
106    @ar
200 1  @a言语康复与沟通训练@Ayan yu kang fu yu gou tong xun lian@i我爱我家@f王曙光主编
210    @a重庆@c西南师范大学出版社@d2017.09@h2019.10
215    @a121页@c彩图@d25cm
300    @a特殊教育“医教结合”实验教材
330    @a本册共5章,内容有:言语基础;家庭成员;我的家乡;招待客人;快乐的周末。
606 0  @a语言障碍@x儿童@x教育康复
690    @aG762.2@v5
701  0 @a王曙光@Awang shu guang@4主编
801  0 @aCN@bBJSZM@c20210308
905    @b1273203-6@dG762.2@e287@f4
    
    言语康复与沟通训练.我爱我家/王曙光主编.-重庆:西南师范大学出版社,2017.09(2019.10)
    121页:彩图;25cm
    特殊教育“医教结合”实验教材
    
    ISBN 978-7-5621-9015-8:CNY45.00
    本册共5章,内容有:言语基础;家庭成员;我的家乡;招待客人;快乐的周末。
●
相关链接 在E读中查询图书 在五车中查询图书 在当当中查询图书 在豆瓣中查询图书


正题名:言语康复与沟通训练     索取号:G762.2/287         预约/预借

序号 登录号 条形码 馆藏地/架位号 状态 备注
1 1273203   212732033   第一样本阅览室/ [索取号:G762.2/287] 在馆    
2 1273204   212732042   教育系资料室/ [索取号:G762.2/287] 在馆    
3 1273205   212732051   教育系资料室/ [索取号:G762.2/287] 在馆    
4 1273206   212732060   第四借阅区/ [索取号:G762.2/287] 在馆    
唐山师范学院图书馆 欢迎您!
大连网信软件有限公司© 版权所有